| 000 | 00562nam a2200205Ia 4500 | ||
|---|---|---|---|
| 003 | GCL | ||
| 008 | 140319s9999 xx 000 0 eng d | ||
| 040 |
_aGCL / _cGCL |
||
| 082 | 0 | 4 |
_a 616.0754 _bJ P |
| 100 | 1 | _aJARVIS CAROLYN | |
| 245 | 1 | 0 |
_aPhysical Examination and Health Assessment / _cJARVIS CAROLYN |
| 260 |
_a[S.N] : _bW.B. SAUNDERS COMPANY ، _c1992 |
||
| 300 | _a952 P | ||
| 650 | 0 | 4 | _aMETHODS |
| 650 | 0 | 4 | _aPHYSICAL DIAGNOSIS |
| 650 | 0 | 4 | _aNURSING ASSESSMENT |
| 650 | 0 | 4 | _aPHYSICAL EXAMINATION |
| 650 | 0 | 4 | _aNURSES INSTRUCTION |
| 942 |
_2ddc _cBK |
||
| 999 |
_c16995 _d16995 |
||